UK GAAP: (Record no. 23351)
[ view plain ]
| 000 -LEADER | |
|---|---|
| fixed length control field | 00549nam a2200193Ia 4500 |
| 001 - CONTROL NUMBER | |
| control field | 23115 |
| 008 - FIXED-LENGTH DATA ELEMENTS--GENERAL INFORMATION | |
| fixed length control field | 140410s9999 xx 000 0 und d |
| 020 ## - INTERNATIONAL STANDARD BOOK NUMBER | |
| International Standard Book Number | 0-333-57898-8 |
| 040 ## - CATALOGING SOURCE | |
| Transcribing agency | PK-LaUMT |
| 082 ## - DEWEY DECIMAL CLASSIFICATION NUMBER | |
| Classification number | 657.0941 |
| Item number | DAV-U |
| 100 ## - MAIN ENTRY--PERSONAL NAME | |
| Personal name | Allister Wilson |
| 245 ## - TITLE STATEMENT | |
| Title | UK GAAP: |
| Remainder of title | generally accepted accounting practice in the United Kingdom |
| Statement of responsibility, etc | Allister Wilson<>Mike Davies<>Ron Paterson |
| 260 ## - PUBLICATION, DISTRIBUTION, ETC. (IMPRINT) | |
| Place of publication, distribution, etc | Basingstoke,UK: |
| Name of publisher, distributor, etc | Erst & Young, |
| Date of publication, distribution, etc | 1992 |
| 300 ## - PHYSICAL DESCRIPTION | |
| Extent | 1496 p. |
| 546 ## - LANGUAGE NOTE | |
| Language note | EN |
| 700 ## - ADDED ENTRY--PERSONAL NAME | |
| Personal name | Mike Davies |
| 700 ## - ADDED ENTRY--PERSONAL NAME | |
| Personal name | Ron Paterson |
| 942 ## - ADDED ENTRY ELEMENTS (KOHA) | |
| Koha item type | Books |
| Withdrawn status | Lost status | Damaged status | Not for loan | Home library | Current library | Date acquired | Total Checkouts | Full call number | Barcode | Date last seen | Price effective from | Koha item type |
|---|---|---|---|---|---|---|---|---|---|---|---|---|
| UMT Main Campus | UMT Main Campus | 2014-04-10 | 657.0941 DAV-U | 26071 | 2014-04-24 | 2014-04-24 | Books |
